| 000 | 00523nam a2200181Ia 4500 | ||
|---|---|---|---|
| 999 |
_c29977 _d29977 |
||
| 003 | OSt | ||
| 005 | 20201214150959.0 | ||
| 008 | 190216s9999||||xx |||||||||||||| ||und|| | ||
| 020 | _a9788188016525 | ||
| 040 | _coclc | ||
| 082 |
_a894.8124 _bPUT/M |
||
| 100 |
_aPuthukode, Gopi _97238 |
||
| 245 | 0 |
_aMathilukalillatha Vidyalayam / _cGopi Puthukode |
|
| 260 |
_bLipi Publications, _c2013. _aKozhikode; |
||
| 300 | _a127p | ||
| 650 | _aLekhanam | ||
| 942 |
_cBK _2ddc _h894.8124 _iPUT/M _k894.8124 _mPUT/M |
||